| 000 | 00929nmm a2200289 a 4500 | ||
|---|---|---|---|
| 001 | ocm000552733 | ||
| 003 | TR-IsHL | ||
| 005 | 20201028123007.0 | ||
| 008 | 110704s2010 tu tur | ||
| 007 | cr cn | ||
| 020 | _a9786056133114 | ||
| 035 |
_a552733 _b(N$T) |
||
| 050 | 0 | 4 |
_aHQ1170 _b.S27 2010 |
| 090 | 0 | 4 |
_aHQ1170 _b.S27 2010 |
| 100 | 1 | _aSaz, Leyla | |
| 245 | 1 | 0 |
_aHaremde yaşam: saray ve harem hatıraları _h[electronic resource] / _cLeyla Saz ; haz. Sedat Demir |
| 250 | _a1. bs. | ||
| 260 |
_aİstanbul : _bDün Bugün Yarın Yayınları, _c2010 |
||
| 300 | _a216 p. | ||
| 650 | 4 | _aTarih | |
| 650 | 4 | _aHistory | |
| 650 | 0 |
_aHarem hayatı _x Osmanlı sarayları |
|
| 650 | 0 |
_aHarem life _x Ottoman palaces |
|
| 650 | 7 |
_aSOCIAL SCIENCE / Customs & Traditions _2bisacsh |
|
| 700 | 1 | _aDemir, Sedat | |
| 856 | 4 | 0 | _uhttp://search.ebscohost.com/login.aspx?direct=true&scope=site&db=e011xww&AN=552733 |
| 999 |
_c2167 _d2167 |
||